000 00483nam a22001817a 4500
005 20251108170701.0
008 250721s1996 xx 000 0 eng d
082 1 4 _aR/632.5803/YAD
100 1 _aYaduraJu, N . T
245 1 4 _aThe Illustrated Dictionary of Weed Science /
264 1 _aNew Delhi :
_bVenus Publishing House,
_c1996.
300 _a200p : ill
650 1 7 _aWees Science
650 1 7 _aDictionaries
700 1 _aAhuJa, K . N
942 _2ddc
_cREF
999 _c46522
_d46522